| 000 | 01605nam a22003614a 4500 | ||
|---|---|---|---|
| 001 | ebr10175415 | ||
| 003 | CaPaEBR | ||
| 006 | m u | ||
| 007 | cr cn||||||||| | ||
| 008 | 040507s2004 ne a sb 001 0 eng | ||
| 010 | _z 2004050325 | ||
| 020 | _z9004139079 | ||
| 040 |
_aCaPaEBR _cCaPaEBR |
||
| 035 | _a(OCoLC)191952899 | ||
| 043 | _ae-uk-en | ||
| 050 | 1 | 4 |
_aBT55 _b.G45 2004eb |
| 082 | 0 | 4 |
_a123 _222 |
| 100 | 1 |
_aGelber, Hester Goodenough, _d1943- |
|
| 245 | 1 | 0 |
_aIt could have been otherwise _h[electronic resource] : _bcontingency and necessity in Dominican theology at Oxford, 1300-1350 / _cby Hester Goodenough Gelber. |
| 260 |
_aLeiden ; _aBoston : _bBrill, _c2004. |
||
| 300 |
_aviii, 412 p. : _bill. |
||
| 490 | 1 |
_aStudien und Texte zur Geistesgeschichte des Mittelalters, _x0169-8028 ; _vBd. 81 |
|
| 504 | _aIncludes bibliographical references (p. [361]-399) and indexes. | ||
| 533 |
_aElectronic reproduction. _bPalo Alto, Calif. : _cebrary, _d2013. _nAvailable via World Wide Web. _nAccess may be limited to ebrary affiliated libraries. |
||
| 610 | 2 | 0 |
_aDominicans _zEngland _zOxford _xTheology _xHistory _yTo 1500. |
| 650 | 0 |
_aPhilosophical theology _xHistory _yTo 1500. |
|
| 650 | 0 |
_aContingency (Philosophy) _xHistory _yTo 1500. |
|
| 650 | 0 |
_aNecessity (Philosophy) _xHistory _yTo 1500. |
|
| 655 | 7 |
_aElectronic books. _2local |
|
| 710 | 2 | _aebrary, Inc. | |
| 830 | 0 |
_aStudien und Texte zur Geistesgeschichte des Mittelalters ; _vBd. 81. |
|
| 856 | 4 | 0 |
_uhttp://site.ebrary.com/lib/rucke/Doc?id=10175415 _zAn electronic book accessible through the World Wide Web; click to view |
| 999 |
_c141188 _d141188 |
||